000 004680000a22001690004500
003 MACL
005 20151028125743.0
008 151028b xxu||||| |||| 00| 0 eng d
040 _aMACL
_cMACL
041 _aEnglish
082 _a920/VIV
100 _aSwami Vivekananda-4
_917127
245 _aThe Complete Works Of Swami Vivekananda-4
260 _aKolkata
_bRamalrishna Math And Ramakrishna Mission
_c2013
650 _aBiography
_917128
942 _cBK
_k920/VIV
_2ddc
999 _c49301
_d49301